[Event "VIE-ch U13 Girls"]
[Site "Ho Chi Minh City"]
[Date "2014.07.15"]
[Round "4"]
[White "Ngo, To Can"]
[Black "Tran, Ngoc Han"]
[Result "0-1"]
[WhiteElo "1845"]
[BlackElo "1841"]
[PlyCount "60"]
[EventDate "2014.07.13"]
[EventType "swiss"]
[EventRounds "9"]
[EventCountry "VIE"]
[SourceTitle "EXT 2016"]
[Source "ChessBase"]
[SourceDate "2015.10.08"]
[SourceVersion "1"]
[SourceVersionDate "2015.10.08"]
[SourceQuality "1"]

1. e4 e5 2. Nf3 Nc6 3. Nc3 h6 4. Bb5 a6 5. Bxc6 bxc6 6. Nxe5 Nf6 7. a3 Bb7 8. d4 d6 9. Nf3 c5 10. d5 Be7 11. 0-0 0-0 12. Nh4 Nxe4 13. Nxe4 Bxh4 14. Qg4 f5 15. Qf4 fxe4 16. Qxe4 Bg5 17. c4 Bxc1 18. Raxc1 Qf6 19. b4 cxb4 20. axb4 a5 21. bxa5 Rxa5 22. Rc2 Bc8 23. Re1 Bf5 24. Qe2 Bxc2 25. Qxc2 Qf5 26. Qe2 Rc5 27. f3 Qf4 28. Qe6+ Kh8 29. Qg6 Qd2 30. Rf1 Rxc4 0-1

[Event "VIE-ch U13 Girls"]
[Site "Ho Chi Minh City"]
[Date "2014.07.13"]
[Round "2"]
[White "Ngo, To Can"]
[Black "Tran Nguyen Huyen, Tran"]
[Result "0-1"]
[WhiteElo "1845"]
[BlackElo "1825"]
[PlyCount "80"]
[EventDate "2014.07.13"]
[EventType "swiss"]
[EventRounds "9"]
[EventCountry "VIE"]
[SourceTitle "EXT 2016"]
[Source "ChessBase"]
[SourceDate "2015.10.08"]
[SourceVersion "1"]
[SourceVersionDate "2015.10.08"]
[SourceQuality "1"]

1. d4 d5 2. Nc3 c6 3. e4 dxe4 4. Nxe4 Bf5 5. Nc3 Nf6 6. Bc4 e6 7. Nf3 Nbd7 8. 0-0 Be7 9. h3 0-0 10. Bg5 Rc8 11. Re1 c5 12. Bxf6 Nxf6 13. d5 exd5 14. Nxd5 Nxd5 15. Bxd5 Bf6 16. c3 Qb6 17. Qe2 h6 18. Qd2 Rfd8 19. Rad1 Be6 20. c4 Bxd5 21. cxd5 Qxb2 22. Qxb2 Bxb2 23. Re2 Bf6 24. d6 Rd7 25. Ne5 Bxe5 26. Rxe5 b6 27. Re7 Rcd8 28. Kh2 Kf8 29. Rxd7 Rxd7 30. Kg3 f6 31. Kf4 Kf7 32. Kf5 g6+ 33. Kf4 Ke6 34. Ke4 Rxd6 35. Rxd6+ Kxd6 36. Kd3 Kd5 37. Kc3 c4 38. g3 h5 39. h4 b5 40. a3 a5 0-1

[Event "VIE-ch U13 Girls"]
[Site "Ho Chi Minh City"]
[Date "2014.07.13"]
[Round "1"]
[White "Nguyen, Thi Phuong Thy"]
[Black "Ngo, To Can"]
[Result "1-0"]
[WhiteElo "1827"]
[BlackElo "1845"]
[PlyCount "45"]
[EventDate "2014.07.13"]
[EventType "swiss"]
[EventRounds "9"]
[EventCountry "VIE"]
[SourceTitle "EXT 2016"]
[Source "ChessBase"]
[SourceDate "2015.10.08"]
[SourceVersion "1"]
[SourceVersionDate "2015.10.08"]
[SourceQuality "1"]

1. e4 e5 2. Nf3 Nc6 3. Bb5 d6 4. d4 Bd7 5. Bxc6 Bxc6 6. d5 Bb5 7. b3 Qf6 8. c4 Bd7 9. 0-0 Qg6 10. Qd3 Nf6 11. Nc3 0-0-0 12. Qe3 b6 13. a4 Ng4 14. Qg5 f6 15. Qxg6 hxg6 16. a5 c6 17. h3 Nh6 18. Be3 Kb7 19. Ra2 f5 20. axb6 axb6 21. Rfa1 cxd5 22. Ra7+ Kc6 23. exd5# 1-0